Trafostanice a rozvádzače = Transformer substation and switchgear = Trafostationen und Verteilerschränke

Gespeichert in:
Bibliographische Detailangaben
Format: Buch
Sprache:Slowakisch
Englisch
Deutsch
Veröffentlicht: [Lozorno] : [Elektro-Haramia], [2011]
Ausgabe:[1. vyd.]
Schlagworte:
Online-Zugang: Volltext
Tags: Tag hinzufügen
Keine Tags, Fügen Sie den ersten Tag hinzu!

MARC

LEADER 00000nam a2200000 4500
003 SK-BrCVT
005 20220618072036.0
006 ao e 000 0
008 120113s2011####xo o e 000 0slo#d
035 |a CVTIDW0011023 
040 |a CVTISR  |b slo  |c CVTISR  |e AACR2 
041 0 |a slo  |a eng  |a ger 
044 |a xo  |c SK 
080 |a 621.314  |2 2008 
080 |a 621.316.34  |2 2008 
110 2 |a Elektro-Haramia (Lozorno, Slovenská republika)  |4 mfr 
245 1 0 |a Trafostanice a rozvádzače =  |b Transformer substation and switchgear = Trafostationen und Verteilerschränke 
246 1 1 |a Transformer substation and switchgear 
246 1 1 |a Trafostationen und Verteilerschränke 
250 |a [1. vyd.] 
260 3 |a [Lozorno] :  |b [Elektro-Haramia],  |c [2011] 
300 |a 50 s. :  |b fotogr., obr. ;  |c 30 cm 
653 1 |a transformátor 
653 1 |a transformátorová stanica 
653 1 |a rozvádzač 
655 7 |a firemné katalógy  |2 SNKPH 
852 |a CVTISR  |b 1 
856 4 |u http://www.elektroharamia.sk 
910 |b F032699 
959 |a 4504 
959 |a 4507 
974 |a agnesa.remenarova  |f Firemná literatúra 
992 |a FFK 
999 |c 180354  |d 180354